| 000 | 00364nam a22001457a 4500 | ||
|---|---|---|---|
| 005 | 20260216111634.0 | ||
| 008 | 260216b |||||||| |||| 00| 0 eng d | ||
| 020 | _a978-93-91505-17-2 | ||
| 100 | _aR. Garg | ||
| 245 | _aMathematics-I Calculus & Linear Algebra | ||
| 260 |
_aNew Delhi _bKhanna Book Pub _c2025 |
||
| 300 | _a566 | ||
| 650 | _aECE | ||
| 942 |
_2ddc _cBK |
||
| 999 |
_c21993 _d21993 |
||